| 000 | 00000nam##2200000za#4500 |
| 001 | 9.615826 |
| 003 | CaOODSP |
| 005 | 20200813121900 |
| 007 | ta |
| 008 | 150406|2001||||xxc||||| f|0| 0 eng|d |
| 020 | |a0-660-18669-1 |
| 022 | |a1200-5223 |
| 040 | |aCaOODSP|beng |
| 043 | |an-cn--- |
| 086 | 1 |aCS11-0019/177E |
| 245 | 02|aA tale of three cities: the dynamics of manufacturing in Toronto, Montreal, and Vancouver, 1976-1997 / |cby Tara Vinodrai. |
| 260 | |aOttawa - Ontario : |bStatistics Canada |c2001. |
| 300 | |axi, 58p. : |bgraphs, maps, references, tables ; |c28 cm. |
| 490 | 1 |aResearch paper series|x1200-5223|vNo. 177 |
| 563 | |aSoftcover |
| 590 | |a01-49|b2001-12-07 |
| 710 | 2 |aStatistics Canada. |
| 720 | 1 |aVinodrai, Tara |
| 776 | 0#|tA tale of three cities : |w(CaOODSP)9.557999 |
| 830 | #0|aResearch paper series,|x1200-5223|vNo. 177|w(CaOODSP)9.514463 |